Directory of statistics (Record no. 492248)

000 -LEADER
fixed length control field 00498cam a22001217a 4500
008 - FIXED-LENGTH DATA ELEMENTS--GENERAL INFORMATION
fixed length control field 180718b-- xxu||||| |||| 00| 0 eng d
082 ## - DEWEY DECIMAL CLASSIFICATION NUMBER
Classification number A8055x54 D628
245 ## - TITLE STATEMENT
Title Directory of statistics
Statement of responsibility, etc. by Central Statistical Organisation, Ministry of Statistics and Programme Implementation
260 ## - PUBLICATION, DISTRIBUTION, ETC.
Place of publication, distribution, etc. Delhi
Name of publisher, distributor, etc. Controller of Publications
Date of publication, distribution, etc. --
500 ## - GENERAL NOTE
General note Library has 1999
650 ## - SUBJECT ADDED ENTRY--TOPICAL TERM
Topical term or geographic name entry element India - Statistics
700 ## - ADDED ENTRY--PERSONAL NAME
Personal name India. Ministry of Statistics and Programme Implementation. Central Statistical Organisation
Holdings
Withdrawn status Lost status Damaged status Not for loan Permanent Location Current Location Date acquired Full call number Barcode Date last seen Price effective from Koha item type
        Indian Institute of Public Administration Indian Institute of Public Administration 2018-08-04 A8055x54 D628 G20291 2018-08-04 2018-08-04 G
        Indian Institute of Public Administration Indian Institute of Public Administration 2018-08-04 A8055x54 D628 GG25669 2018-08-04 2018-08-04 GG

Powered by Koha